The dynamics of science and technology

Đã lưu trong:
书目详细资料
格式: 图书
语言:Undetermined
出版: Dordrecht D. Reidel Publishing Company 1978
主题:
标签: 添加标签
没有标签, 成为第一个标记此记录!
Thư viện lưu trữ: Trung tâm Học liệu Trường Đại học Cần Thơ
LEADER 00474nam a2200169Ia 4500
001 CTU_78339
008 210402s9999 xx 000 0 und d
082 |a 500 
082 |b D994 
245 4 |a The dynamics of science and technology 
245 0 |c Wolfgang Krohn ... [et al.] 
260 |a Dordrecht 
260 |b D. Reidel Publishing Company 
260 |c 1978 
650 |a Technology 
650 |x Social aspects 
980 |a Trung tâm Học liệu Trường Đại học Cần Thơ